| 000 | 00614nam a22001937a 4500 | ||
|---|---|---|---|
| 005 | 20250514155055.0 | ||
| 010 | _aENG-144929 | ||
| 020 |
_c1250.00 _a9788170007135 |
||
| 035 | _aEN-128461 | ||
| 037 | _bDBAD | ||
| 082 | _a027.7 | ||
| 100 |
_aKaushik, Anna _981195 |
||
| 245 |
_aCutting Edge Technologies And Academic Librarianship/ _cBy Anna Kaushik And Nirmal Kumar Swain |
||
| 260 |
_aDarya Ganj _bEss Ess Publications _c2014 |
||
| 270 |
_a4831/24,AnsariRoad _bNew Delhi _e110002 _k2360807,41563444 _l41563334 |
||
| 300 |
_axv, 387p _c23(hb) |
||
| 760 | _b1 | ||
| 942 |
_2ddc _cEN _h027.7 _mKAU |
||
| 999 |
_c211284 _d211284 |
||